Score 0/20 Timer 05:00
12 Plays Today
% Correct
Jaws
92.6%
Home Alone
91.2%
The Wedding Singer
84%
127 Hours
83.2%
Bill and Ted's Excellent Adventure
82.5%
Star Wars: Episode VI - Return of the Jedi
81.5%
Scream
80.2%
Rocky III
79.4%
Deadpool
79.2%
The Silence of the Lambs
65.9%
% Correct
Batman Begins
62.9%
Zombieland
60.7%
King Kong
60.1%
The Mummy
59.7%
DodgeBall: A True Underdog Story
58.7%
WALL-E
58%
Planet of the Apes
49.6%
Office Space
49%
Charlotte's Web
47.1%
Jurassic Park
44.6%
Remove Ads.
Support Sporcle.
Get the best of Sporcle when you Go Orange. This ad-free experience offers more features, more stats, and more fun while also helping to support Sporcle. Thank you for becoming a member.

You're not logged in!

Compare scores with friends on all Sporcle quizzes.
OR
Log In

Show Comments

Extras

Top Quizzes Today


Score Distribution

Your Account Isn't Verified!

In order to create a playlist on Sporcle, you need to verify the email address you used during registration. Go to your Sporcle Settings to finish the process.

Report this User

Report this user for behavior that violates our Community Guidelines.

Details: